El niño de uno y seis años
Gardado en:
| Formato: | Libro |
|---|---|
| Idioma: | Lingua castelá |
| Publicado: |
Washington, D.C
Oficina del Niño de la Dirección Federal de Previsión
1945
|
| Subjects: | |
| Tags: |
Engadir etiqueta
Sen Etiquetas, Sexa o primeiro en etiquetar este rexistro!
|
MARC
| LEADER | 00000nam a2200000 a 4500 | ||
|---|---|---|---|
| 001 | UCY5648 | ||
| 003 | CL-VaPUC | ||
| 008 | 950512e19450000US |||||||||||||||||spa|d | ||
| 082 | 0 | 4 | |a 155.4 |b ELN |2 21 |
| 245 | 1 | 3 | |a El niño de uno y seis años |
| 246 | 1 | 0 | |a Your child from one to six |
| 300 | |a 191 p | ||
| 942 | |c BK | ||
| 945 | |d 19950512 00:00:00 |a mfernand | ||
| 260 | |a Washington, D.C |b Oficina del Niño de la Dirección Federal de Previsión |c 1945 | ||
| 650 | 0 | |a Psicología del niño |9 307305 | |
| 650 | 0 | |a Desarrollo motor |9 313002 | |
| 650 | 0 | |a Desarrollo afectivo |9 334359 | |
| 650 | 0 | |a Psicología del desarrollo |9 307541 | |
| 650 | 7 | |a CRECIMIENTO |2 CL-VaPUC |9 334667 | |
| 650 | 0 | |a Aprendizaje |9 254827 | |
| 650 | 7 | |a HABITOS |2 CL-VaPUC |9 311931 | |
| 650 | 7 | |a DESARROLLO DE LA PERSONALIDAD |2 CL-VaPUC |9 311216 | |
| 583 | |a last modification |c 19950512 00:00:00 |k Rodrigo Vera | ||
| 999 | |c 233280 |d 233278 | ||
| 952 | |0 0 |1 0 |4 0 |6 155_400000000000000_ELN_1945 |7 0 |8 P |9 238694 |a BIBEDU |b BIBEDU |c BIBEDU_PB |d 2019-11-18 |i 1503618 |o 155.4 ELN 1945 |p 1503618 |r 2024-01-25 |w 2019-11-18 |y BK |k EDU | ||